000 00308nam a2200121 i 4500
001 bg
245 0 _aWybrane problemy inżynierii ochrony środowiska w regionie Pomorza Zachodn.
260 _aSzczecin,
_c1977.
040 _cBPK
041 _apol
942 _cKS
008 s pl f |000 0 pol
999 _c19265
_d19265
856 _uhttp://koha.tu.koszalin.pl/cgi-bin/koha/opac-detail.pl?biblionumber=19265
_yKatalog online BPK